|
|
|
|
| LEADER |
00000nam a2200000 i 4500 |
| 001 |
1/70549 |
| 008 |
080115s2004 eng d |
| 020 |
|
|
|a 2-503-99120-3
|
| 035 |
|
|
|l 10093708
|
| 040 |
|
|
|a GR-MY-UA
|b gre
|e aacr
|
| 041 |
0 |
|
|a eng
|
| 082 |
0 |
|
|a 935.001
|2 (22)
|
| 100 |
1 |
|
|a Anastasio, Stefano.
|
| 245 |
1 |
0 |
|a Atlas of preclassical Upper Mesopotamia /
|c Stefano Anastasio, Marc Lebeau & Martin Sauvage ; with a contribution by Alexander Pruss
|
| 260 |
|
|
|a Turnhout :
|b Brepols,
|c 2004
|
| 300 |
|
|
|a ii, 420 σ.;
|b εικ., 60 χαρτ.;
|c 30 εκ.+
|e + 1 Cd-Rom
|
| 490 |
1 |
|
|a Subartu
|v ; 13
|
| 504 |
|
|
|a Περιλαμβάνει βιβλιογραφίες και ευρετήριο
|
| 650 |
0 |
0 |
|a Excavations (Archaeology)
|z Iraq.
|
| 651 |
|
0 |
|a Iraq
|x Maps
|x Antiquities.
|
| 700 |
1 |
|
|a Lebeau, Marc.
|
| 700 |
1 |
|
|a Sauvage, Martin.
|
| 830 |
|
0 |
|a Subartu ;
|v ; 13
|
| 852 |
|
|
|a INST
|b RHODES
|e 20080115
|h 935.001 ANA
|p 005400030376
|q 005400030376
|t BK
|y 0
|
| 852 |
|
|
|a INST
|b RHODES
|e 20190528
|h 935.001 ANA
|p 005400040839
|q 005400040839
|t BK
|y 0
|
| 901 |
|
|
|a BIBL4-2008-1
|
| 909 |
|
|
|a Ρ
|b 142852
|
| 922 |
|
|
|a 4ΕΛΗ
|b 200712
|c ΕΠΕΑΕΚ2/ΤΜΣ
|d ΕΛΕΥΘΕΡΟΥΔΑΚΗΣ
|
| 970 |
|
|
|a ΜΙΣΣΟΣ
|b ΣΤΑΥΡΟΣ
|z 2008/01/15
|